00649nam a2200205 a 450000100060000000300080000600500170001400800410003103500190007204000420009104100080013308200250014110000220016624500920018826000480028030000290032850400360035765000230039370000270041671909BD-RjUL20211209082201.0170508s1961 nyua b 001 0 eng c a(BD-RjUL)72125 aDLC/ICUcCGUdOCLdWSUdUKMdEQObeng aeng0 223a537.65bHET 19611 aHeikes, Robert R.00aThermoelectricity :bscience and engineering /cRobert R. Heikes and Roland W. Ure, Jr. aNew York :bInterscience Publishers,c1961. a576 p. :bill. ;c24 cm. aIncludes bibliography and index 0aThermoelectricity.1 aUre, Roland W.,d1925-